• 首页
  • 本馆介绍
  • 公告通知
  • 最新文献
  • 馆藏检索
  • 电子资源
  • 读者导购
  • 参考咨询
  • 我的图书馆
  • 登录
  • 详细信息显示
  • 放入我的书架
  • 预约/预借图书
  • 作者相关作品
  • 分类相关作品
  • 丛书相关作品
  • 出版社相关作品

书目信息

  • 表格格式
  • 工作单格式
  • 卡片格式
题名:
奥林匹克学
    
 
作者: 《奥林匹克学》编写组 编
分册:  
出版信息: 北京   高等教育出版社  1999
页数: 227页
开本: 20cm
丛书名:
单 册:
中图分类: G811.1
科图分类:
主题词: 体育事业--世界
电子资源:
ISBN: 7-04-007266-1
000 00624nam0 2200205 450
001 0755448293
005 20070726104453.40
010    @a7-04-007266-1@dCNY7.50
100    @a20070720d1999 km y0chiy0120 ea
101 0  @achi
102    @aCN@b110000
200 1  @a奥林匹克学@Aao lin pi ke xue@f《奥林匹克学》编写组编@F《ao lin pi ke xue》bian xie zu bian
210    @a北京@c高等教育出版社@d1999
215    @a227页@d20cm
300    @a高等学校教材
606 0  @a体育事业@x世界
690    @aG811.1@v3
701  0 @a《奥林匹克学》编写组@A《ao lin pi ke xue》bian xie zu@4编
801  0 @aCN@bPFT@c20070726
905    @a10447@dG811.1@e46
    
    奥林匹克学/《奥林匹克学》编写组编.-北京:高等教育出版社,1999
    227页;20cm
    高等学校教材
    
    ISBN 7-04-007266-1:CNY7.50
    
●
相关链接 在E读中查询图书 在五车中查询图书 在当当中查询图书 在豆瓣中查询图书


正题名:奥林匹克学     索取号:G811.1/46         预约/预借

序号 登录号 条形码 馆藏地/架位号 状态 备注
1 0766233   207662331   第一样本阅览室/ [索取号:G811.1/46] 在馆    
唐山师范学院图书馆 欢迎您!
大连网信软件有限公司© 版权所有